000 00273nam a2200109Ia 4500
008 190216s9999||||xx |||||||||||||| ||und||
100 _aFrancis D Costa
245 0 _aManagement Theory And Practice
260 _bAllied Publishers Limited
_c1979
300 _a147p
942 _cBK
999 _c4480
_d4480